América pintoresca. Descripción de viajes al nuevo continente por los más modernos exploradores. Edición ilustrada con profusión de grabados

Guardat en:
Dades bibliogràfiques
Autors principals: Wiener, Carlos (Autor), Crévaux, Julio (Autor), Charnay, Desiré (Autor), André, Edouard (Autor)
Format: Llibre
Idioma:espanyol
Publicat: Barcelona Montaner y Simon 1884
Edició:2a. ed
Matèries:
Etiquetes: Afegir etiqueta
Sense etiquetes, Sigues el primer a etiquetar aquest registre!

MARC

LEADER 00000nam a2200000 a 4500
001 UCJ6726
003 CL-VaPUC
008 070124e18840000SP |||||||||||||||||spa|d
082 0 4 |a 910.4  |b WIE  |2 21 
100 0 |a Wiener, Carlos  |e author  |9 513958 
700 0 |a Crévaux, Julio  |e author  |9 513959 
700 0 |a Charnay, Desiré  |e author  |9 513960 
700 0 |a André, Edouard  |e author  |9 513961 
245 1 0 |a América pintoresca. Descripción de viajes al nuevo continente por los más modernos exploradores. Edición ilustrada con profusión de grabados 
250 |a 2a. ed 
300 |a 860 p 
942 |c BK 
945 |d 20070124 00:00:00  |a rinostro 
260 |a Barcelona  |b Montaner y Simon  |c 1884 
500 |a Ilustraciones, iconografía y mapas, sin indizar 
650 0 |a Viajes  |9 257115 
650 7 |a FLORA  |2 CL-VaPUC  |9 264745 
650 7 |a FAUNA  |2 CL-VaPUC  |9 349523 
650 0 |a Población  |9 257577 
650 0 |a Aborígenes  |9 329972 
650 0 |a Cultura  |9 269059 
650 0 |a Ilustraciones  |9 369481 
650 7 |a EXPEDIONES CIENTIFICAS  |2 CL-VaPUC  |9 505747 
650 0 |a Iconografía   |9 267998 
650 7 |a MARCA TIPOGRAFICA  |2 CL-VaPUC  |9 506100 
650 0 |a Mapas  |9 260844 
651 0 |a Brasil  |9 267393 
651 0 |a Colombia  |9 256424 
651 0 |a Ecuador  |9 258378 
651 0 |a México  |9 255269 
651 7 |a GUYANA  |2 CL-VaPUC  |9 356017 
651 7 |a CAYENA  |2 CL-VaPUC  |9 505838 
583 |a last modification  |c 20070124 00:00:00  |k Rodrigo Vera 
999 |c 322828  |d 322826 
952 |0 0  |1 0  |4 0  |6 910_400000000000000_WIE_1884  |7 0  |8 X  |9 401940  |a FDOBUD  |b FDOBUD  |d 2019-11-22  |i 1051962  |o 910.4 WIE 1884  |p 1051962  |r 2019-11-22  |w 2019-11-22  |y BK_X  |k BUD